BIBLIOTECA

SENCICO

La biblia del Turbo C : fundamentos y técnicas avanzadas de programación (Registro nro. 2783)

Detalles MARC
000 -LEADER
fixed length control field 00384nam a2200145Ia 4500
005 - DATE AND TIME OF LATEST TRANSACTION
control field 20251020182553.0
008 - FIXED-LENGTH DATA ELEMENTS--GENERAL INFORMATION
fixed length control field 200515s9999 xx 000 0 und d
082 ## - DEWEY DECIMAL CLASSIFICATION NUMBER
Classification number R/65.0154/Z82
100 ## - MAIN ENTRY--PERSONAL NAME
Personal name ZIMMERMAN, Scott ZIMMERMAN, B.
245 #0 - TITLE STATEMENT
Title La biblia del Turbo C : fundamentos y técnicas avanzadas de programación
260 ## - PUBLICATION, DISTRIBUTION, ETC.
Date of publication, distribution, etc. s.a.
300 ## - PHYSICAL DESCRIPTION
Extent 654
650 ## - SUBJECT ADDED ENTRY--TOPICAL TERM
Topical term or geographic name entry element LIB
942 ## - ADDED ENTRY ELEMENTS (KOHA)
Koha item type Libros
Existencias
Fecha de la última vez que lo usaron Pago total Signatura topográfica completa Código de barras Precio efectivo desde Tipo de documento Estado perdido Estado dañado No es para préstamo Retirado Ubicación permanente Ubicación actual Fecha de adquisición
15/05/2020   R/65.0154/Z82 Bib-Lima15052783 15/05/2020 Libros         Biblioteca Central Lima Biblioteca Central Lima 15/05/2020